Types of Cheese - Sudden Death - Statistics

General Stats
  • This quiz has been taken 557 times
  • The average score is 10 of 21
Answers on the Grid
Answers color-coded by a green-red scale on the quiz's grid according to % correct below.
Gruyere
Blue Barnsley
Camembert
Hrudka
Wensleydale
Krakatoa
Gouda
Danube Blue
Caerphilly
Caramelle
Gorgonzola
Danablu
Cheddar
Brie
Roquefort
Paneer
Halloumi
Havarti
Farfalle
Red Rochester
Maraschino
Sakura
Romano
Queso Blanco
Jaune Geneva
Jarlsberg
Muenster
Red Leicester
Black Beauty
Monterrey Jack
 
Answer Stats
Answer % Correct
Cheddar
88%
Gouda
88%
Brie
85%
Gruyere
77%
Camembert
73%
Gorgonzola
71%
Monterrey Jack
65%
Halloumi
58%
Roquefort
51%
Queso Blanco
49%
Havarti
47%
Muenster
46%
Paneer
45%
Romano
41%
Red Leicester
36%
Wensleydale
35%
Jarlsberg
27%
Caerphilly
17%
Danablu
11%
Hrudka
11%
Sakura
4%
No matching quizzes found
Score Distribution
Percent of People with Each Score
Percentile by Number Answered
Your Score History
You have not taken this quiz